Trouve les films par image - intermédiaire - Statistiques

Statistiques générales
  • Ce quiz a été pris 101 fois
  • Le résultat moyen est 11 sur 16
Statistiques - réponses
Par images Réponse % Correct
Fight Club
93%
Joker
93%
Top Gun
89%
The Mask
88%
Godzilla
85%
Pulp Fiction
84%
Seven
76%
La Liste de Schindler
73%
Seul au monde
72%
American Psycho
63%
Troie
63%
Saw
58%
Django Unchained
55%
Dune
46%
Alien
43%
Le Loup de Wall Street
21%
Aucun quiz correspondant
Distribution des résultats
% des personnes avec chaque résultat
Percentile par nombre de réponses
Votre historique - résultats
Vous n’avez pas pris ce quiz